Gestin̤ de inventarios Una nueva fr̤mula de calcular la competitividad /

Detalles Bibliográficos
Autor principal: Sur̀ez Cervera, Mara̕ Luisa
Formato: eBook
Lenguaje:español
Publicado: Bogot:̀ Ediciones de la U, 2012
Materias:
Acceso en línea:Acceso restringido

MARC

LEADER 00000nam a22000007a 4500
005 20220920221718.0
007 cr|||| ||||
008 220920s2012 co |||||s|||| 00||0 spa d
020 |a 978-958-762-061-0 
035 |a 37228 
040 |a vLex 
090 |c 13984  |d 13984 
100 1 |a Sur̀ez Cervera, Mara̕ Luisa 
245 1 0 |a Gestin̤ de inventarios  |h [Recurso electrn̤ico] :  |b Una nueva fr̤mula de calcular la competitividad /  |c Mara̕ Luisa Sur̀ez Cervera 
256 |a Servicio en ln̕ea 
260 |a Bogot:̀  |b Ediciones de la U,  |c 2012 
300 |a 1 recurso electrn̤ico 
506 1 |a Disponible solo en los productos indicados  |d vLex Global  |d vLex Global (Academic Edition, excluding Law Schools)  |d vLex Global (U.S. Academic Edition, Law Schools)  |d vLex Global (U.S. Academic Edition, excluding Law Schools)  |d vLex Global (Academic Edition, Law Schools) 
650 0 4 |a Economa̕ y negocios  |z Colombia 
740 0 |a vLex Libros (Servicio en ln̕ea) 
856 4 0 |u https://app.vlex.com/#/sources/37228  |z Acceso restringido 
942 |c BOOK 
999 0 |a Economy and business